| 000 | 00710cam a2200217 a 4500 | ||
|---|---|---|---|
| 001 | 000018389 | ||
| 005 | 20200929165504.0 | ||
| 008 | 740524s1968 ve 001 p spa d | ||
| 040 |
_aDO-SdBNP _bspa _cOAU _dDLC _dBNPHU |
||
| 082 |
_aV861.44 _bC718e |
||
| 100 | 1 |
_aColombani, Helí, _d1932- _939824 |
|
| 245 | 1 | 0 |
_aEn ejercicio de mí / _cHelí Colombani. |
| 260 |
_aCaracas, Venezuela : _bUniversidad Central de Venezuela, _c1968. |
||
| 300 |
_a127 p. ; _c21 cm. |
||
| 490 | 1 |
_aLetras de Venezuela _apoesía _v9 |
|
| 650 | 4 |
_aPoesía venezolana _94230 |
|
| 650 | 4 |
_aLiteratura venezolana _93816 |
|
| 830 | 0 |
_aLetras de Venezuela _ppoesía _v9 _939825 |
|
| 910 | _aCatalogación por derivada / LC | ||
| 049 | _aBNGR | ||
| 999 |
_c17910 _d17910 |
||